logo

Bir Sreshtho Munshi Abdur Rouf Library
Jhenaidah Cadet College

Social implications of biological education / (Record no. 1921)

MARC details
000 -LEADER
fixed length control field 00628nam a2200229 a 4500
001 - CONTROL NUMBER
JCCL Control Number 1921
003 - CONTROL NUMBER IDENTIFIER
JCCL marc code BD-JhCC
005 - DATE AND TIME OF LATEST TRANSACTION
control field 20200213134007.0
008 - FIXED-LENGTH DATA ELEMENTS--GENERAL INFORMATION
fixed length control field 171026s1970 xxu |||| ||a| 000 0 eng d
020 ## - INTERNATIONAL STANDARD BOOK NUMBER
International Standard Book Number 08788500006
035 ## - SYSTEM CONTROL NUMBER
system control number (BD-JhCC)1921
040 ## - CATALOGING SOURCE
Original cataloging agency BD-JhCC
Modifying agency BD-JhCC
041 ## - LANGUAGE CODE
Language code of Book eng
082 ## - DEWEY DECIMAL CLASSIFICATION NUMBER
Classification number 301.24
Author mark and Year GRO 1970
100 ## - MAIN ENTRY--PERSONAL NAME
Personal name Grobman, Arnold B
245 ## - TITLE STATEMENT
Title Social implications of biological education /
Statement of responsibility, etc Arnold B Grobman
260 ## - PUBLICATION, DISTRIBUTION, ETC. (IMPRINT)
Place of publication, distribution, etc America :
Name of publisher, distributor, etc John T. Westlake Publishing Service,
Date of publication, distribution, etc 1970.
300 ## - PHYSICAL DESCRIPTION
Pagination 134p. :
Dimensions 23 cm.
650 ## - SUBJECT ADDED ENTRY--TOPICAL TERM
Topical term or geographic name as entry element Biology
General subdivision Study and teaching
942 ## - ADDED ENTRY ELEMENTS (KOHA)
Source of classification or shelving scheme Dewey Decimal Classification
Koha item type Books
Koha issues (borrowed), all copies 2
Holdings
Source of classification or shelving scheme Damaged status Not for loan Home library Current library Shelving location Date of accession Source of acquisition Total Checkouts Full call number Barcode Date last seen Date checked out Copy number Koha item type
Dewey Decimal Classification     JCC Rouf Library JCC Rouf Library General Stacks 10/26/2017 The Asia Foundation 1 301.24 GRO 1970 2654 03/16/2020 02/12/2020 C-1 Books

JCC Library | Contacts | JCC Home

Last Update on 23 September 2017
Copyright @ 2017-2020 JCC Rouf Library
Rouf Library, Jhenidah Cadet College (JCC), Bangladesh